| 000 | 00651nam a22002177a 4500 | ||
|---|---|---|---|
| 999 |
_c159982 _d159982 |
||
| 005 | 20190111171121.0 | ||
| 006 | a|||||f|||| 00| 0 | ||
| 007 | tc | ||
| 008 | 180720b xxu||||| |||| 00| 0 eng d | ||
| 010 | _aB-347943-B-347944 | ||
| 020 | _c22.00 | ||
| 035 | _aB-347943 | ||
| 037 | _bA.I.C.B. | ||
| 082 | _aN | ||
| 245 | _aDelhi is Not Far | ||
| 260 |
_aNew Delhi _bA.C.I.B. _cN.D. |
||
| 270 |
_aSector-5, Rohini, _bNew Delhi _e110085 |
||
| 300 |
_avarious pages. _c30cm(HB). |
||
| 942 |
_2ddc _cBRLEN _hN _mDEL |
||